Awful Picture Box Quiz Stats

 Plays Quiz not verified by Sporcle

Challenge
Share
Tweet
Score 0/15 Timer 04:00
0 Plays Today
Middle Name Celebrity % Correct
GiselleFLITWICK RULES
40%
Jacquelineuncle fester
33.1%
Ramonaferris bueller is the next one over
31.8%
AllisonFIona Apples
28.2%
Karunafozzy the bear
26.1%
Jonathan Blanchardfezik
25.7%
Tiffanybieber sux lol
24.9%
Herculesflash gordan
24.9%
Middle Name Celebrity % Correct
Aloisbarbara streisand.
22.9%
Columcille Gerardthis quiz needs work
22%
Bassfrodo baggins
19.6%
Irafeeona
19.2%
Vonneforest gump
18.4%
Saidepics don't line up lol
16.3%
Nathaniel Twisleton-Wykehamflick flikk
14.3%

You're not logged in!

Compare scores with friends on all Sporcle quizzes.
OR
Log In

You Might Also Like...

Show Comments

Extras

Top Quizzes Today


Score Distribution

Your Account Isn't Verified!

In order to create a playlist on Sporcle, you need to verify the email address you used during registration. Go to your Sporcle Settings to finish the process.

Report this User

Report this user for behavior that violates our Community Guidelines.

Details: